[Event "WEM-KT 2018"]
[Site "Illertissen"]
[Date "2018.08.27"]
[Round "3"]
[White "Klaiss, Thomas"]
[Black "Wolf, Rainer"]
[Result "1/2-1/2"]
[WhiteElo "2021"]
[BlackElo "2044"]
[Annotator "NA"]
[PlyCount "128"]
[EventDate "2018.08.25"]
[EventType "tourn"]
[EventCountry "GER"]
[SourceTitle "playchess.com"]
[Source "ChessBase"]
[SourceQuality "1"]
[TimeControl "40/6000+30:3000+30"]

1. b3 {[%emt 0:11:08]} d5 {[%emt 0:10:33]} 2. Bb2 {[%emt 0:00:15]} Nc6 {[%emt 0:00:25]} 3. e3 {[%emt 0:02:37]} Nf6 {[%emt 0:02:53]} 4. Bb5 {[%emt 0:04:24]} Bd7 {[%emt 0:00:54]} 5. Nf3 {[%emt 0:00:10]} b6 {[%emt 0:07:17]} 6. O-O {[%emt 0:04:57]} a6 {[%emt 0:00:21]} 7. Be2 {[%emt 0:00:20]} e6 {[%emt 0:01:11]} 8. c4 {[%emt 0:00:14]} Bd6 {[%emt 0:00:44]} 9. d4 {[%emt 0:03:23]} O-O {[%emt 0:20:37]} 10. Nbd2 {[%emt 0:04:16]} Re8 {[%emt 0:12:42]} 11. Ne5 {[%emt 0:01:51]} Bf8 {[%emt 0:04:19]} 12. Bf3 {[%emt 0:01:13]} Ne7 {[%emt 0:15:27]} 13. Rc1 {[%emt 0:13:30]} c6 {[%emt 0:01:09]} 14. e4 {[%emt 0:01:47]} Rc8 {[%emt 0:03:55]} 15. Nd3 {[%emt 0:01:07]} dxe4 {[%emt 0:03:38]} 16. Nxe4 {[%emt 0:00:12]} Nxe4 {[%emt 0:00:43]} 17. Bxe4 {[%emt 0:00:12]} Ng6 {[%emt 0:01:34]} 18. Ne5 {[%emt 0:03:48]} Rc7 {[%emt 0:05:33]} 19. Qf3 {[%emt 0:11:57]} f5 {[%emt 0:01:29]} 20. Bb1 {[%emt 0:01:44]} Nxe5 {[%emt 0:02:55]} 21. dxe5 {[%emt 0:00:28]} c5 {[%emt 0:00:34]} 22. Rfd1 {[%emt 0:01:46]} Qc8 {[%emt 0:00:56]} 23. Qh3 {[%emt 0:02:14]} Bc6 {[%emt 0:00:31]} 24. Rd2 {[%emt 0:04:21]} Rd7 {[%emt 0:06:23]} 25. Rcd1 {[%emt 0:01:02]} Red8 {[%emt 0:01:46]} 26. Qe3 {[%emt 0:01:18]} Qb7 {[%emt 0:01:50]} 27. f3 {[%emt 0:01:46]} g6 {[%emt 0:00:14]} 28. Kf2 {[%emt 0:01:41]} Be7 {[%emt 0:00:10]} 29. Qh6 {[%emt 0:02:15]} Bf8 {[%emt 0:01:02]} 30. Qg5 {[%emt 0:00:45]} Be7 {[%emt 0:00:33]} 31. Qh6 {[%emt 0:01:07]} Bh4+ {[%emt 0:00:49]} 32. Ke2 {[%emt 0:01:29]} Rxd2+ {[%emt 0:00:04]} 33. Rxd2 {[%emt 0:00:27]} Qe7 {[%emt 0:00:22]} 34. Rxd8+ {[%emt 0:01:20]} Qxd8 {[%emt 0:00:04]} 35. Qd2 {[%emt 0:00:21]} Qc7 {[%emt 0:01:30]} 36. Qd6 {[%emt 0:03:43]} Qxd6 {[%emt 0:00:15]} 37. exd6 {[%emt 0:00:08]} Kf7 {[%emt 0:00:30]} 38. g3 {[%emt 0:04:43]} Bf6 {[%emt 0:00:12]} 39. Bc1 {[%emt 0:01:31]} e5 {[%emt 0:00:26]} 40. Bh6 {[%emt 0:03:05]} Bg7 {[%emt 0:00:46]} 41. Bg5 {[%emt 0:54:24]} Bf8 {[%emt 0:51:37]} 42. Bd8 {[%emt 0:00:58]} b5 {[%emt 0:00:15]} 43. g4 {[%emt 0:01:39]} fxg4 {[%emt 0:00:13]} 44. fxg4 {[%emt 0:00:47]} Bxd6 {[%emt 0:00:22]} 45. Ke3 {[%emt 0:00:41]} Bd7 {[%emt 0:00:00]} 46. h3 {[%emt 0:00:00]} bxc4 {[%emt 0:00:00]} 47. bxc4 {[%emt 0:00:00]} Be6 {[%emt 0:00:00]} 48. Bd3 {[%emt 0:00:00]} h5 {[%emt 0:00:00]} 49. Be2 {[%emt 0:00:00]} hxg4 {[%emt 0:00:00]} 50. hxg4 {[%emt 0:00:00]} Bd7 {[%emt 0:00:00]} 51. Bf3 {[%emt 0:00:00]} Be7 {[%emt 0:00:00]} 52. Bd5+ $11 {[%emt 0:00:00]} Ke8 {[%emt 0:00:00]} 53. Bc7 {[%emt 0:00:00]} Bxg4 {[%emt 0:00:00]} 54. Bxe5 {[%emt 0:00:00]} Bg5+ {[%emt 0:00:00]} 55. Kf2 {[%emt 0:00:00]} Kd7 {[%emt 0:00:00]} 56. Bb7 {[%emt 0:00:00]} a5 {[%emt 0:00:00]} 57. Be4 {[%emt 0:00:00]} Bh4+ {[%emt 0:00:00]} 58. Ke3 {[%emt 0:00:00]} g5 {[%emt 0:00:00]} 59. a4 {[%emt 0:00:50]} Bd1 {[%emt 0:01:40]} 60. Bc3 {[%emt 0:00:46]} g4 {[%emt 0:04:12]} 61. Bxa5 {[%emt 0:00:33]} g3 {[%emt 0:00:27]} 62. Kf4 {[%emt 0:03:32]} Be2 {[%emt 0:01:28]} 63. Bg2 {[%emt 0:00:46]} Bxc4 {[%emt 0:00:45]} 64. Bb6 {[%emt 0:00:33]} Bd8 {[%emt 0:01:26]} 1/2-1/2

[Event "WEM-KT 2018"]
[Site "Illertissen"]
[Date "2018.08.27"]
[Round "3"]
[White "Guenther, Stefan"]
[Black "Namyslo, Holger"]
[Result "0-1"]
[WhiteElo "1907"]
[BlackElo "2275"]
[Annotator "TA"]
[PlyCount "64"]
[EventDate "2018.08.25"]
[EventType "tourn"]
[EventCountry "GER"]
[SourceTitle "playchess.com"]
[Source "ChessBase"]
[SourceQuality "1"]

{[%evp 23,64,56,70,0,0,0,0,0,35,39,41,39,46,13,20,0,0,-22,-29,-21,0,0,0,0,4,0,0,-54,-58,-44,-53,-55,-54,-49,-43,-159,-123,-128,-126,-134,-118,-630,-627]} 1. f4 e5 2. fxe5 d6 3. exd6 Bxd6 4. Nf3 g5 5. g3 g4 6. Nh4 Ne7 7. d4 Ng6 8. Nxg6 hxg6 9. Qd3 Nc6 10. c3 Qe7 11. Bg2 Bf5 12. e4 O-O-O {LiveBook: 23 Games. A02: Bird's Opening} 13. Bf4 (13. Qe3 $14 Rde8 14. Nd2) (13. Be3 Rde8 14. Nd2 Bd7 15. O-O-O f6 16. Nc4 Nd8 17. e5 Qf7 18. exd6 Bf5 19. Qf1 b5 20. dxc7 Qxc7 21. Ne5 fxe5 22. Qxb5 exd4 23. Rxd4 Rxe3 24. Rc4 {1-0 (24) Muzychuk,A (2576)-Szczepkowska,K (2406) Monaco 2017}) 13... Bxf4 $11 14. gxf4 Bxe4 {The position is equal.} 15. Qxe4 Qxe4+ 16. Bxe4 Rde8 17. Nd2 {aiming for Kf2.} f5 $1 18. O-O-O {Strongly threatening Bxc6.} fxe4 19. Nc4 $146 ({Predecessor:} 19. Rde1 e3 20. Nc4 {1-0 (60) Cobert,P-Gran,R California 1993}) 19... Ref8 20. d5 Ne7 21. d6 cxd6 22. Nxd6+ Kc7 23. Nxe4 Rxf4 24. Nc5 Rf2 25. Ne6+ (25. Rd7+ $11 Kc6 26. Rxe7 Kxc5 27. Re5+ Kd6 28. Rg5) 25... Kb6 $15 26. Rd6+ Nc6 {Threatens to win with ...g3.} 27. Rd2 {[#]} g3 $1 {[%mdl 512]} 28. Rxf2 (28. hxg3 Rxh1+) 28... gxf2 29. Ng5 {[#]} (29. Kd2 $15) 29... Rxh2 $1 $17 {[%mdl 512]} 30. Rf1 (30. Rxh2 f1=Q+) 30... Ne5 31. Ne4 Rg2 {White must now prevent ...Rg1.} 32. Nxf2 $2 {[%mdl 8192] [#]} (32. Kd2 $17) 32... Rxf2 $1 {[%mdl 512] Precision: White = 22%, Black = 97%.} 0-1

[Event "WEM-KT 2018"]
[Site "Illertissen"]
[Date "2018.08.27"]
[Round "3"]
[White "Kohde, Janis"]
[Black "Handel, Oliver"]
[Result "1-0"]
[WhiteElo "1803"]
[BlackElo "1839"]
[Annotator "NA"]
[PlyCount "85"]
[EventDate "2018.08.25"]
[EventType "tourn"]
[EventCountry "GER"]
[SourceTitle "playchess.com"]
[Source "ChessBase"]
[SourceQuality "1"]
[TimeControl "40/6000+30:3000+30"]

1. d4 {[%emt 0:09:34]} Nf6 {[%emt 0:09:37]} 2. c4 {[%emt 0:00:06]} e6 {[%emt 0:00:05]} 3. Nf3 {[%emt 0:00:36]} d5 {[%emt 0:00:32]} 4. Nc3 {[%emt 0:00:11]} Be7 {[%emt 0:00:59]} 5. Bf4 {[%emt 0:00:11]} c6 {[%emt 0:00:53]} 6. e3 {[%emt 0:02:05] LiveBook: 209 Games} Nbd7 {[%emt 0:03:50]} 7. Be2 $11 {[%emt 0:06:04]} dxc4 {[%emt 0:12:26]} 8. Bxc4 {[%emt 0:00:04]} Nd5 {[%emt 0:00:12]} 9. Bg3 {[%emt 0:03:55]} N7f6 {[%emt 0:06:59]} 10. O-O {[%emt 0:00:55]} O-O {[%emt 0:00:19]} 11. Ne5 {[%emt 0:03:59]} a6 {[%emt 0:03:01]} 12. Rc1 {[%emt 0:03:39]} Nxc3 {[%emt 0:08:31]} 13. bxc3 {[%emt 0:02:22]} c5 {[%emt 0:04:46]} 14. f3 {[%emt 0:07:56]} Nd5 {[%emt 0:06:53]} 15. Bf2 {[%emt 0:17:06]} f6 {[%emt 0:07:42]} 16. Bxd5 {[%emt 0:02:35]} exd5 {[%emt 0:05:25]} 17. Nd3 {[%emt 0:01:03]} c4 {[%emt 0:01:54]} 18. Nf4 {[%emt 0:01:13]} g5 {[%emt 0:02:19]} 19. Nh5 {[%emt 0:06:41]} Bf5 {[%emt 0:01:12]} 20. Ng3 {[%emt 0:03:22]} Bd3 {[%emt 0:00:32]} 21. Re1 {[%emt 0:00:26]} Ba3 {[%emt 0:00:25]} 22. Rb1 {[%emt 0:01:54]} b5 {[%emt 0:02:45]} 23. e4 {[%emt 0:00:47]} dxe4 {[%emt 0:01:46]} 24. fxe4 {[%emt 0:00:44]} Bxb1 {[%emt 0:04:24]} 25. Qxb1 {[%emt 0:00:23]} Rb8 {[%emt 0:00:52]} 26. Qd1 {[%emt 0:05:06]} a5 {[%emt 0:01:47]} 27. Nf5 {[%emt 0:03:05]} Qd7 {[%emt 0:01:10]} 28. h4 {[%emt 0:06:13]} b4 {[%emt 0:02:57]} 29. hxg5 {[%emt 0:00:55]} fxg5 {[%emt 0:00:26]} 30. Qg4 {[%emt 0:00:37]} Rxf5 {[%emt 0:00:24]} 31. exf5 {[%emt 0:00:31]} h6 {[%emt 0:03:31]} 32. Re6 {[%emt 0:16:10]} b3 {[%emt 0:00:30]} 33. axb3 {[%emt 0:00:43]} cxb3 {[%emt 0:00:48]} 34. Rg6+ {[%emt 0:01:49]} Kh7 {[%emt 0:01:16]} 35. Qh5 {[%emt 0:03:49]} Bf8 {[%emt 0:00:21]} 36. Rxg5 {[%emt 0:00:14]} Rb6 {[%emt 0:03:30]} 37. Rg6 {[%emt 0:00:46]} Rxg6 {[%emt 0:02:38]} 38. Qxg6+ {[%emt 0:00:02]} Kh8 {[%emt 0:00:23]} 39. Bg3 {[%emt 0:01:03]} Qh7 {[%emt 0:05:38]} 40. Be5+ {[%emt 0:00:19]} Bg7 {[%emt 0:00:20]} 41. Qe8+ {[%emt 0:22:19]} Qg8 {[%emt 0:20:24]} 42. Bxg7+ {[%emt 0:03:27]} Kxg7 {[%emt 0:01:39]} 43. f6+ {[%emt 0:00:11]} 1-0

[Event "WEM-KT 2018"]
[Site "Illertissen"]
[Date "2018.08.27"]
[Round "3"]
[White "Jooss, Achim"]
[Black "Schulz, Volker"]
[Result "1-0"]
[WhiteElo "1749"]
[BlackElo "2169"]
[Annotator "TA"]
[PlyCount "51"]
[EventDate "2018.08.25"]
[EventType "tourn"]
[EventCountry "GER"]
[SourceTitle "playchess.com"]
[Source "ChessBase"]
[SourceQuality "1"]

{[%evp 14,51,21,12,73,40,57,49,76,80,129,62,57,61,104,98,95,94,162,135,400,396,492,354,507,499,624,628,639,536,514,367,868,868,799,366,444,344,1151,1117]} 1. d4 d5 2. Nf3 Nf6 3. c4 e6 4. e3 c5 5. cxd5 Nxd5 6. Nc3 Nxc3 {D41: Queen's Gambit Declined: Semi-Tarrasch with 5 cxd5} 7. bxc3 Nc6 (7... Be7 8. Bd3 O-O 9. Qc2 h6 10. O-O Qc7 11. Qe2 b6 12. e4 Bb7 13. Bb2 Nd7 14. d5 exd5 15. exd5 {0-1 (52) Artemiev,V (2691)-Le,Q (2737) Huaian 2017}) 8. Bd3 {LiveBook: 3 Games} cxd4 (8... Be7 $11 {remains equal.}) 9. cxd4 Bb4+ 10. Bd2 Qa5 11. O-O Bd7 $146 ({Predecessor:} 11... O-O 12. a3 Bxd2 13. Nxd2 Qd8 14. Nf3 {0-1 (53) Baryshpolets,A-Khmarsky,V Kiev 2002}) 12. a3 (12. Rb1 $16) 12... Bxd2 $14 13. Nxd2 Rc8 14. Nc4 Qc7 15. Qh5 $36 {[%mdl 2048] White is in control.} b5 (15... h6 $16) 16. Nd2 {[%cal Bc4d2,Bd2f3,Bf3e5][%mdl 32]} Nxd4 $2 {[%mdl 8192] [#]} (16... Ne7 $16 17. Ne4 (17. Bxb5 O-O $16) 17... Nf5) 17. exd4 $18 Qc3 18. Qe2 Qxd4 (18... O-O $142 19. Qe3 Qc6) 19. Nf3 Qb6 20. Ne5 Rc5 21. Rfd1 Bc6 22. Rac1 a6 $2 {[#]} (22... O-O 23. Rxc5 Qxc5 24. Nxc6 Qxc6 25. Bxb5 Qb6) 23. Qe3 Rxc1 24. Qxb6 (24. Qxc1 $142 O-O 25. Nxc6) 24... Rxd1+ 25. Bf1 Bd7 $2 (25... Ba8 26. Qc5 Rd5 27. Qc8+ Rd8 28. Qxa6 O-O 29. Qxb5 Rd5) 26. Qb8+ {Precision: White = 65%, Black = 13%.} 1-0

[Event "WEM-KT 2018"]
[Site "Illertissen"]
[Date "2018.08.28"]
[Round "4"]
[White "Namyslo, Holger"]
[Black "Anistratov, Dmitriy"]
[Result "1/2-1/2"]
[WhiteElo "2275"]
[BlackElo "2279"]
[Annotator "TA"]
[PlyCount "36"]
[EventDate "2018.08.25"]
[EventType "tourn"]
[EventCountry "GER"]
[SourceTitle "playchess.com"]
[Source "ChessBase"]
[SourceQuality "1"]

{[%evp 19,25,40,54,0,5,12,26,12]} 1. e4 d6 2. d4 Nf6 3. Nc3 e5 4. dxe5 dxe5 5. Qxd8+ Kxd8 6. Bg5 Be6 7. f4 exf4 8. Nf3 h6 9. O-O-O+ Nbd7 10. Bxf4 Bb4 {LiveBook: 11 Games} 11. Nd5 {B07: Pirc Defence: Miscellaneous Systems} (11. Nb5 $5 {[%cal Rb5c7]}) (11. Nb5 Ba5 12. Nbd4 g5 13. Bg3 Ke7 14. Nf5+ Kf8 15. Bb5 Bxf5 16. exf5 c6 17. Ne5 Nxe5 18. Bxe5 Kg7 {1-0 (54) Vysochin,S (2550)-Zubarev,A (2544) Yuzhny 2009}) 11... Bxd5 12. exd5 Bd6 13. Bxd6 {Predecessor:} cxd6 $146 14. Nd4 g6 15. Bb5 Ne5 16. h3 a6 17. Ba4 Rc8 18. Rhf1 Ne4 {½-½ (35) Salih,A (2315)-Phillips,R (2272) Tromsoe 2014} 1/2-1/2

[Event "WEM-KT 2018"]
[Site "Illertissen"]
[Date "2018.08.28"]
[Round "4"]
[White "Maisch, Julian"]
[Black "Klaiss, Thomas"]
[Result "0-1"]
[WhiteElo "2216"]
[BlackElo "2021"]
[Annotator "TA"]
[PlyCount "156"]
[EventDate "2018.08.25"]
[EventType "tourn"]
[EventCountry "GER"]
[SourceTitle "playchess.com"]
[Source "ChessBase"]
[SourceQuality "1"]

{[%evp 9,156,87,91,94,99,82,96,74,62,60,77,75,68,53,62,17,35,34,20,42,53,0,10,0,6,-14,-22,-35,-43,-43,-8,-102,-88,-116,-118,-150,-112,-154,-129,-203,-212,-271,-268,-276,-259,-280,-190,-233,-243,-254,-253,-272,-261,-332,-116,-137,-125,-177,-172,-155,-152,-127,-132,-153,-118,-127,-129,-133,-113,-229,-229,-229,-229,-229,-229,-229,-229,-229,-229,-229,-229,-229,-229,-222,0,0,0,0,-3,-396,-394,-394,-397,-458,-439,-926,-863,-777,-731,-735,-547,-12837,-12838,-12842,-12840,-12842,-12843,-12851,-12851,-12851,-12851,-12851,-12851,-12851,-12851,-12851,-12851,-12851,-29952,-12851,-29965,-12851,-29962,-12851,-29944,-12851,-29945,-12851,-29968,-12851,-29969,-12851,-29961,-12851,-29969,-12851,-29980,-12851,-29975,-12851,-29977,-12851,-29978,-12851,-29980,-12851,-29981,-12851,-29981]} 1. e4 d6 2. d4 Nf6 3. Nc3 e5 4. Nf3 Bg4 5. dxe5 Bxf3 {LiveBook: 3 Games} 6. gxf3 {C41: Philidor Defence} (6. Qxf3 dxe5 7. Bg5 c6 8. Bc4 Be7 9. O-O O-O 10. Rad1 Nfd7 11. Be3 Bg5 12. Ne2 Qe7 13. Ng3 {½-½ (86) Admiraal,M (2448)-Van de Griendt,J (2359) Netherlands 2017}) 6... dxe5 7. Qxd8+ Kxd8 8. Bc4 {White is better.} Ke8 9. Rg1 g6 $146 ({Predecessor:} 9... c6 10. a4 Nbd7 11. Be3 g6 12. O-O-O Bc5 13. Bxc5 Nxc5 {1-0 (35) Gal,J (2255)-Rat,D (2265) Debrecen 1998}) 10. Bg5 Nbd7 11. O-O-O c6 12. Kb1 Be7 13. f4 Rd8 14. fxe5 Nxe5 15. Rxd8+ (15. Be2 {is more complex.} Rxd1+ 16. Rxd1 Ned7 17. Bd2 Nc5 18. f3) 15... Bxd8 16. Be2 Ned7 17. e5 Nxe5 18. f4 Ned7 19. Re1 {Ba6+ is the strong threat.} h6 20. Bxf6 (20. Ba6+ $1 $11 {remains equal.} Kf8 21. Bxf6 Nxf6 22. Bxb7) 20... Nxf6 $17 21. Ba6+ Kd7 22. Bc4 Rf8 23. b4 Bc7 24. Rf1 (24. Ne4 $17 {was worth a try.} Nxe4 25. Rxe4) 24... Ng4 $19 {White must now prevent ...Ne3.} 25. Rf3 Nxh2 26. Rd3+ Kc8 27. f5 gxf5 {Threatens to win with ...b5.} 28. b5 Be5 29. bxc6 bxc6 30. Rh3 Ng4 31. Bd3 Bxc3 $2 (31... Kc7 $19 {and Black stays clearly on top.} 32. Ne2 f4) 32. Bxf5+ $17 Kc7 33. Rxc3 {[%mdl 4096] Endgame KRB-KRN} (33. Bxg4 $17 {keeps fighting.} Be5 34. c3) 33... Ne5 34. Ra3 Kb6 35. Rh3 Rh8 36. Rh5 Nc4 37. Bd3 Nd6 38. Kb2 {[#]} f5 $1 39. Bxf5 (39. Kc1 $17) 39... Nxf5 $19 40. Rxf5 $17 {KR-KR} h5 {[%cal Bh6h5,Bh5h4][%mdl 32]} 41. Rf3 h4 {aiming for ...h3.} 42. Rh3 Kc5 43. Kc3 Kd5 44. Kd3 Ke5 {And now ...Kf4 would win.} 45. Ke3 Kf5 46. Kf3 Kg5 $2 (46... Rh6 $19 47. Kg2 Rg6+ 48. Kf2 Rg4) 47. Kg2 $11 Kf4 48. Rc3 Rh6 49. Kh3 $2 {[%mdl 8192]} (49. Ra3 $1 $11 {and White stays safe.}) 49... Ke4 50. Ra3 Rh7 51. Rd3 c5 {[%cal Bc6c5,Bc5c4][%mdl 32]} 52. Rd6 (52. a4 $142 Rb7 53. a5) 52... Ke5 53. Rd2 c4 54. c3 {[#]} Rf7 $1 {[%cal Rf7f3]} 55. Kxh4 Rf3 56. Rd7 a6 57. Ra7 Rxc3 58. Rxa6 Kd4 59. Kg4 Re3 60. Kf4 Re1 61. Rd6+ Kc5 62. Rd8 c3 63. Rc8+ Kd4 64. Rd8+ Kc4 65. Rc8+ Kd3 66. Rd8+ Kc2 67. Rb8 Kd2 (67... Kc1 $19 68. Kf3 c2) 68. Rd8+ Kc1 69. Kf3 c2 70. Kf2 Re5 71. Rb8 Kd2 (71... Ra5 $19 72. a3 Rxa3) 72. Rd8+ Kc3 73. Rc8+ Kd3 (73... Kb2 $19 74. Rb8+ Kxa2) 74. Kf3 Rf5+ (74... Ra5 $19 75. Rxc2 Kxc2) 75. Kg4 Rf1 76. Rd8+ Kc3 77. Rc8+ Kb2 78. Rb8+ Ka1 {Precision: White = 40%, Black = 72%.} (78... Kxa2 $19 79. Ra8+ Kb3) 0-1

[Event "WEM-KT 2018"]
[Site "Illertissen"]
[Date "2018.08.28"]
[Round "4"]
[White "Schulz, Volker"]
[Black "Seidler, Ottmar"]
[Result "1/2-1/2"]
[WhiteElo "2169"]
[BlackElo "1706"]
[Annotator "TA"]
[PlyCount "97"]
[EventDate "2018.08.25"]
[EventType "tourn"]
[EventCountry "GER"]
[SourceTitle "playchess.com"]
[Source "ChessBase"]
[SourceQuality "1"]

{[%evp 12,97,199,54,99,90,99,83,101,100,110,88,93,75,129,122,139,90,95,100,89,102,108,105,99,104,105,97,101,97,86,78,391,0,-2,0,44,36,36,37,50,51,58,56,64,68,66,66,72,50,58,26,26,26,26,26,26,26,34,26,34,34,50,50,50,50,66,66,73,67,73,73,84,84,102,102,106,108,120,109,120,120,120,120,120,120,120,0]} 1. e4 e5 2. Nf3 Nc6 3. Bb5 Bc5 4. c3 d6 5. d4 exd4 6. cxd4 Bb4+ 7. Nc3 (7. Kf1 $1 $18) 7... Bd7 {C64: Spanische Partie (Cordel-Verteidigung)} 8. O-O Nge7 9. Bg5 {Schwarz muss nun Sd5 beachten.} (9. Bc4 h6 10. Qb3 O-O 11. d5 Bxc3 12. dxc6 Bxc6 13. Qxc3 Bxe4 14. b4 d5 15. Bb2 {1-0 (25) Spraggett,K (2526)-Oliveira,L (2136) Barreiro 2001}) 9... Bxc3 10. bxc3 O-O 11. Re1 $146 ({Vorgänger:} 11. Rb1 b6 12. Re1 Na5 13. e5 Bxb5 14. exd6 Qd7 15. Bxe7 Ba4 16. Ne5 Bxd1 17. Nxd7 Rfd8 18. Bxd8 Rxd8 19. Rbxd1 {1-0 (19) Dahlhaus,F (2233)-Kies,W (2149) Bad Bertrich 2002}) 11... f6 12. Bc1 a6 ({Besser ist} 12... Na5 13. Bd3 Ng6) 13. Bd3 $16 b5 14. e5 dxe5 15. dxe5 fxe5 16. Qb3+ Kh8 {[#]} 17. Ng5 $1 Na5 18. Nf7+ Kg8 19. Nxd8+ Nxb3 20. axb3 Rfxd8 21. Rxe5 Bf5 $2 {[%mdl 8192] [#]} (21... Bg4 $16 {leistet mehr Widerstand.} 22. Bf1 (22. Rxe7 Rxd3 23. Bf4 c6 $16) 22... Ng6) 22. Bf4 $2 ({Schwächer ist} 22. Rxe7 Rxd3 23. Bf4 a5 $11) (22. Bf1 $1 $18) 22... Rxd3 $11 23. Rxe7 Rad8 24. Bxc7 Rd1+ 25. Re1 Rxa1 26. Rxa1 $14 {[%mdl 4096] Endspiel KTL-KTL} Rd7 27. Be5 Rd5 28. f4 Bc8 29. Ra2 Bb7 30. Bd4 b4 31. Rd2 bxc3 32. Bxc3 Rxd2 33. Bxd2 $11 {KL-KL} Bd5 34. b4 Kf7 35. Kf2 g6 36. g4 Ke6 37. Kg3 Be4 38. Kh4 Kf7 39. Kg5 Kg8 40. h4 Bd3 41. h5 {Weiß steht besser.} gxh5 42. Kxh5 Bg6+ 43. Kg5 Bd3 44. Kf6 Bc4 45. Bc3 Be2 46. g5 Bc4 47. f5 Bd3 48. Ke6 Bc4+ 49. Kf6 {Precision: Weiß = 54%, Schwarz = 51%.} (49. Ke7 $16) 1/2-1/2

[Event "WEM-KT 2018"]
[Site "Illertissen"]
[Date "2018.08.28"]
[Round "4"]
[White "Gabriel, Josef"]
[Black "Engelhart, Achim"]
[Result "1/2-1/2"]
[WhiteElo "2124"]
[BlackElo "2126"]
[Annotator "TA"]
[PlyCount "105"]
[EventDate "2018.08.25"]
[EventType "tourn"]
[EventCountry "GER"]
[SourceTitle "playchess.com"]
[Source "ChessBase"]
[SourceQuality "1"]

{[%evp 19,105,10,24,21,20,0,0,-14,-16,-33,0,0,0,0,0,0,0,-19,0,-19,19,14,20,0,0,0,0,0,20,0,0,0,0,-37,-12,-30,-18,-37,-104,-67,-18,-241,-234,-246,-15,-49,0,-202,0,0,0,0,118,27,11,11,11,11,11,11,18,22,14,0,0,0,0,0,0,0,0,0,0,0,0,0,0,-234,-200,-302,-273,-253,0,0,0,-222,0,0]} 1. e4 e6 2. d3 d5 3. Nd2 c5 4. Ngf3 Nc6 5. g3 Bd6 6. Bg2 Nge7 7. O-O O-O 8. Re1 Qc7 9. exd5 {A08: King's Indian Attack} (9. Qe2 f6 10. h4 b5 11. h5 d4 12. e5 fxe5 13. h6 Nd5 14. Ne4 Bd7 15. hxg7 Kxg7 16. Qd2 Be7 17. Qh6+ Kh8 18. Nfg5 Bxg5 19. Nxg5 Nf6 20. Be4 Qd8 21. Nxh7 Kg8 22. Qg6+ {1-0 (22) Andriasian,Z (2585)-Piorun,K (2651) Katowice 2017}) 9... exd5 10. d4 c4 {LiveBook: 3 Games} 11. c3 {White has an edge.} b5 $146 ({Predecessor:} 11... Bg4 12. Nf1 b5 13. Ne3 Bh5 14. Qd2 f6 15. Nh4 Bf7 16. Nhf5 Nxf5 17. Nxf5 {0-1 (32) Wicklund Hansen,R (1864)-Hedin,G (2117) Dresden 2013}) 12. b3 Bf5 13. bxc4 bxc4 14. Qa4 Rab8 15. Ba3 Bxa3 16. Qxa3 Rb5 17. Ne5 Rfb8 18. h3 Ra5 19. Qc1 f6 20. Nxc6 Nxc6 21. Qd1 Qd7 22. Qf3 Bd3 23. h4 Re8 24. Re3 (24. Rxe8+ {keeps more tension.} Qxe8 25. Nf1 Ne7 26. Ne3 Qb8 27. Qd1) 24... Rxe3 25. Qxe3 Ne7 26. a4 Kf8 27. Nb3 cxb3 28. Qxd3 Rxa4 29. Rb1 Qb7 {Threatens to win with ...b2.} 30. Qxh7 $2 (30. Qd1 $1 $11) 30... b2 $19 31. Qh8+ Kf7 $2 ({Black should play} 31... Ng8 $19 {White must now prevent ...Ra1.} 32. Qh7 Qb3 33. Bxd5 Qxd5) 32. Qh5+ $11 Kf8 {And now ...Ra1 would win.} 33. Qd1 $2 {[#]} (33. Qh8+ $1 $11 Ng8 34. Qh7) 33... Ra2 $2 {[#]} (33... Ra3 $1 $19 {Hoping for ...Qb3.} 34. Kh2 Rxc3) 34. c4 $1 {[%mdl 512]} Qb4 {...Qc3 is the strong threat.} (34... dxc4 35. Bxb7) 35. cxd5 a5 {[#]} (35... Nf5 $11) 36. d6 $1 {[%mdl 512]} Qxd6 37. Qb3 Ra1 38. Qxb2 Rxb1+ 39. Qxb1 {Black should prevent Qb5.} Qxd4 40. Qb8+ Kf7 41. Bf3 a4 42. Kg2 Qd3 43. Bh5+ g6 44. Bf3 a3 45. Qa8 Qb3 46. h5 gxh5 47. Bxh5+ Kg7 {Strongly threatening ...Qd5+.} 48. Qe8 $2 (48. Qa7 $11 {and White stays safe.} Qd5+ 49. Bf3) 48... Qd5+ 49. Kg1 (49. Bf3 {might work better.} Qf7 50. Qa4) 49... Ng8 50. Qg6+ Kf8 51. Qe8+ Kg7 52. Qg6+ Kf8 $2 ({Black should try} 52... Kh8 $19 {( -> ...a2)} 53. Qf7 Qxf7 54. Bxf7 Ne7) 53. Qe8+ {Precision: White = 39%, Black = 46%.} 1/2-1/2

[Event "WEM-KT 2018"]
[Site "Illertissen"]
[Date "2018.08.28"]
[Round "4"]
[White "Gustain, Marc"]
[Black "Jakob, Georg"]
[Result "1/2-1/2"]
[WhiteElo "2102"]
[BlackElo "2084"]
[Annotator "TA"]
[PlyCount "44"]
[EventDate "2018.08.25"]
[EventType "tourn"]
[EventCountry "GER"]
[SourceTitle "playchess.com"]
[Source "ChessBase"]
[SourceQuality "1"]

{[%evp 9,44,41,49,41,48,30,34,25,26,0,14,0,3,4,172,182,173,181,202,194,302,255,308,303,294,109,287,278,245,118,169,82,95,0,0,0,89]} 1. e4 c5 2. Nc3 Nc6 3. Nf3 e5 4. Bc4 g6 5. d3 h6 {LiveBook: 23 Partien} 6. Be3 {B30: Sizilianisch (Rossolimo-Variante)} d6 7. Nd5 Bg7 8. c3 {Weiß steht etwas besser.} Nge7 9. h3 {[%cal Bh2h3,Bh3h4,Bh4h5,Bh5h6,Bh6h7][%mdl 32]} O-O $146 ({Vorgänger:} 9... Nxd5 10. Bxd5 O-O 11. a3 Ne7 12. c4 Nxd5 13. cxd5 {0-1 (57) Sarapu,O (2325)-Schandorff,L (2435) Tallinn 1989}) 10. Qd2 Kh7 11. h4 $36 {[%mdl 2048] Weiss will h5 spielen. Weiss steht aktiver.} Na5 $2 (11... Nxd5 $11 {und Schwarz steht sicher.} 12. Bxd5 Bg4) 12. h5 $18 g5 {[#]} 13. Bxg5 $1 Nxc4 14. dxc4 hxg5 (14... f6 $142) 15. Nxg5+ Kg8 {Und ...Sxd5 würde nun gewinnen.} 16. h6 Bh8 17. h7+ Kg7 18. Nf3 {[%csl Gh1][%cal Rd2h6]} f6 19. Qh6+ {[%mdl 1024] Weiss hat starke Kompensation.} Kf7 {[#]} 20. Qh5+ (20. Ne3 $1 $18 {bietet bessere Gewinnchancen.}) 20... Ke6 $16 21. Qh3+ Kf7 22. Qh5+ Ke6 {Precision: Weiß = 44%, Schwarz = 72%.} 1/2-1/2